|
|
|
|
| LEADER |
00000nab a2200000uu 4500 |
| 001 |
vtls011143850 |
| 003 |
SK-MaSNL |
| 005 |
20260303201735.0 |
| 008 |
230218|2004 xo |||||||||||||||||cze| |
| 015 |
|
|
|a SNBRB
|
| 035 |
|
|
|a (urnnbn)urn:nbn:sk:snk:ar-008h65
|
| 035 |
|
|
|a (uuid)a31abe4f-7c8a-4c43-b7b5-9c336e1bcea3
|
| 035 |
|
|
|a urn:nbn:sk:snk-abav0b
|
| 040 |
|
|
|a SNKBUCL
|b slo
|c SNKBUCL
|e AACR2
|
| 041 |
0 |
|
|a cze
|
| 044 |
|
|
|a xo
|c SK
|
| 100 |
1 |
|
|a Nešpor, Karel,
|d 1952-
|4 aut
|9 100459
|
| 245 |
1 |
0 |
|a Evropský akční plán o alkoholu v České republice - žádný podstatný pokrok
|c K. Nešpor, L. Csémy
|
| 700 |
1 |
|
|a Csémy, Ladislav,
|d 1956-
|4 aut
|9 234557
|
| 773 |
0 |
|
|t Česká a slovenská psychiatrie : Časopis české psychiatrické společnosti a slovenskej psychiatrickej spoločnosti
|g Roč. 100, č. 3 (2004), s. 167-169
|
| 954 |
|
|
|a odborná, vedecká literatúra cudzojazyčná (svetová)
|2 lita
|
| 958 |
|
|
|a OND
|
| 958 |
|
|
|a EUIPO
|
| 958 |
|
|
|a article14
|
| 999 |
|
|
|c 2175752
|d 2177682
|